No bar to liability (Record no. 64786)

MARC details
000 -LEADER
fixed length control field 00856cam a2200241 4500
001 - CONTROL NUMBER
control field WB3638-22
008 - FIXED-LENGTH DATA ELEMENTS--GENERAL INFORMATION
fixed length control field 000000n2000 000 0 eng u
035 ## - SYSTEM CONTROL NUMBER
System control number (Sirsi) u108503
245 ## - TITLE STATEMENT
Title No bar to liability
260 ## - PUBLICATION, DISTRIBUTION, ETC.
Date of publication, distribution, etc. 2000
490 ## - SERIES STATEMENT
Series statement Estates Gazette
Volume/sequential designation 0038(23) 23 September 2000, 194(1)
520 ## - SUMMARY, ETC.
Summary, etc. Barrister's immunity from being sued for professional negligence comes to an end with the landmark "Arthur JS Hall & Co v Simons" case (see EGCS 99, 20/7/00). Article discusses the arguments behind the decision.
590 ## - LOCAL NOTE (RLIN)
Local note WB
650 ## - SUBJECT ADDED ENTRY--TOPICAL TERM
Topical term or geographic name entry element BARRISTERS
650 ## - SUBJECT ADDED ENTRY--TOPICAL TERM
Topical term or geographic name entry element SOLICITORS
650 ## - SUBJECT ADDED ENTRY--TOPICAL TERM
Topical term or geographic name entry element IMMUNITY FROM PROSECUTION
650 ## - SUBJECT ADDED ENTRY--TOPICAL TERM
Topical term or geographic name entry element IMMUNITY
650 ## - SUBJECT ADDED ENTRY--TOPICAL TERM
Topical term or geographic name entry element ARTHUR J S HALL AND CO V SIMONS
650 ## - SUBJECT ADDED ENTRY--TOPICAL TERM
Topical term or geographic name entry element HEDLEY BYRNE & CO LTD V HELLER & PARTNERS
650 ## - SUBJECT ADDED ENTRY--TOPICAL TERM
Topical term or geographic name entry element NEGLIGENCE
690 ## - LOCAL SUBJECT ADDED ENTRY--TOPICAL TERM (OCLC, RLIN)
Topical term or geographic name as entry element PROFESSIONAL PRACTICE-NEGLIGENCE
942 ## - ADDED ENTRY ELEMENTS (KOHA)
Suppress in OPAC 0
Holdings
Withdrawn status Lost status Source of classification or shelving scheme Damaged status Not for loan Home library Current library Shelving location Date acquired Total Checkouts Full call number Barcode Date last seen Copy number Price effective from Koha item type
    Dewey Decimal Classification     London London News article 28/09/2000   WB3638-22 108503-1001 06/08/2019 1 06/08/2019 News article